000 02503cam a2200241 a 4500
005 20260423175428.0
008 980617s1999 enka b 011 0 eng
020 _a9781138006959 (pbk)
082 _a330.153 MON
245 0 0 _aValue, distribution, and capital :
_bessays in honour of Pierangelo Garegnani /
_cedited by Gary Mongiovi and Fabio Petri
260 _aNew York :
_bRoutledge,
_c1999.
300 _axi, 364 p. :
_c24 cm.
365 _bRs. 2784.00
440 0 _aRoutledge frontiers of political economy ;
_v12
505 _a1. Introduction Gary Mongiovi- Part 1. The Critique of Neoclassical Theory- 2. Professor Hahn on the 'Neo-Ricardian' Criticism of Neo Classical Economics Fabio Petri- 3. Classical and Neoclassical Short-Run Prices: A Comparative Analysis of Their Intended Empirical Content Roberto Ciccone- 4. Some Deficiencies of Walrasian General Equilibrium John Eatwell and Murray Milgate- Part 2. Classical Political Economy and Its Relation to Marginalism - 5. From Utilitarianism to Marginal Utility Alessandro Roncaglia- 6. Jacques Savary and the Commerical Knowledge of Commodities Bertram Schefold- 7. From Classical Rent Theory to Marginal Productivity Theory: The Works of F.B. Hermanna and J.H. von Thunen Heinz D. Kurz- 8. Social Accounting in Adam Smith Fernando Vianello- 9. The Notion of Subsistence Wage in Pre-Smithian Classical Political Economy Tony Aspromourgos and Peter Groenewegen- 10. Ricardo and the Wages Fund Antonella Stirati- 11. The Special Thing I learned from Sraff Paul A. Samuelson- Part 3. Accumulation and Technical Change in the Light of the Surplus Approach- 12. New and Old Neoclassical Growth Theory: A Critical Assessment Sergio Cesaratto- 13. Wicksell after Sraffa: 'Capital Arbitrage' and 'Normal' Rates of Growth, Interest and Profits Edward J. Nell- Part 4 Issues in the Theory Production- 14. Transferable Machines with Uniform Efficiency Paths Neri Salvadori^n- 15. Vertical Integration and 'Reduction to Dated Quantities of Labour Ian Steedman Part 5. The Surplus Approach and Economic Policy- 16. High Public Debt and Inflation: On the Disciplinary View of EMU Massimo Pivetti- 17. The Government Sector in Post Keynesian Theory of Growth and Personal Distribution Carlo Panico- Index.
650 0 _aValue.
650 0 _aDistribution (Economic theory)
650 0 _aCapital.
650 0 _aClassical school of economics.
700 1 _aMongiovi, Gary.
700 1 _aPetri, Fabio.
942 _2ddc
_cBK
999 _c40789
_d40789